Les galops en équitation - Statistiques

Statistiques générales
  • Ce quiz a été pris 316 fois
  • Le résultat moyen est 8 sur 20
Statistiques - réponses
Type de galop Réponse % Correct
Galop de Cavalier Galop 1
99%
Galop de Cavalier Galop 2
98%
Galop de Cavalier Galop 3
97%
Galop de Cavalier Galop 4
97%
Galop de Cavalier Galop 5
97%
Galop de Cavalier Galop 6
97%
Galop de Cavalier Galop 7
97%
Galop de Compétition Galop de Dressage
25%
Galop de Compétition Galop de CSO
22%
Galop de Compétition Galop de CCE
16%
Galop de Compétition Galop de Hunter
13%
Galop de Compétition Galop de TREC
9%
Galop de Spécialité Galop de Pleine Nature
6%
Galop de Compétition Galop d'Endurance
5%
Galop de Spécialité Galop de Meneur
4%
Galop de Spécialité Galop d'Equitation de travail
3%
Galop de Spécialité Galop de Voltigeur
3%
Galop de Spécialité Galop de Cavalier de Dressage
2%
Galop de Spécialité Galop de Cavalier Amazone
1%
Galop de Spécialité Galop de Westerner
1%
Aucun quiz correspondant
Distribution des résultats
% des personnes avec chaque résultat
Percentile par nombre de réponses
Votre historique - résultats
Vous n’avez pas pris ce quiz